000 00670nam a2200205Ia 4500
003 GCL
008 140319s9999 xx 000 0 ara d
040 _aGCL /
_cGCL
082 0 4 _a810.8
_bا ج
100 1 _aاحمد الهاشمى
245 1 0 _aجواهر الادب فى ادبيات وانشاء اللغة العربية /
_cاحمد الهاشمى
260 _a[S.N] :
_bدار الكتب العلمية للنشر والتوزيع
490 _a
650 0 4 _aالشعر العربى
650 0 4 _aالادب العربى
650 0 4 _aالنثر العربى
650 0 4 _aدواوين وقصائد
650 0 4 _aتاريخ ونقد
942 _2ddc
_cBK
999 _c52131
_d52131